Export Ready — 

الحياة في البلاط الملكي المصري

Saved in:

Main Author: Alfred Joshua Butler.

Other Authors: محمد عزب، مي موافي..

Format: Book

Language: Undetermined

Published: Alexandria : Lilit, 2013.

Subjects:

Tags: Add Tag

No Tags, Be the first to tag this record!

Call Number: DT70 .B912

LEADER 00589nam a2200169Ia 4500
008 240329s9999||||xx |||||||||||||| ||und||
050 4 |a DT70 .B912 
100 1 |a Alfred Joshua Butler. 
245 1 0 |a الحياة في البلاط الملكي المصري  |c Alfred Joshua Butler 
264 1 |a Alexandria :  |b Lilit,  |c 2013. 
300 |a 268  |b illustrations, portraits  |c 19 
500 |a ترجمة كتاب : Court life in Egypt 
650 |a مصر الأحوال الاجتماعية 
650 |a مصر تاريخ 
700 1 |a محمد عزب، مي موافي.. 
942 |2 lcc  |c BK 
999 |c 57858  |d 57858